| 000 | 00575nam a2200193 i 4500 | ||
|---|---|---|---|
| 001 | 74880 | ||
| 003 | ES-MaACL | ||
| 005 | 20250731061528.0 | ||
| 007 | t| | ||
| 008 | 040921s1972 sp ||||1| spa d | ||
| 100 | 1 |
_aGordon, Noah. _959162 |
|
| 245 | 1 | 3 |
_aEl comité de la muerte / _cpor Noah Gordon ; [traducción de Jesús Pardo]. |
| 250 | _a[1ª ed.]. | ||
| 260 |
_a[Barcelon] : _bPlaza & Janés, _c[1972] |
||
| 300 |
_a427 p. ; _c20 cm. |
||
| 700 | 1 |
_aPardo, Jesús, _d1927-2020 _9138804 |
|
| 852 |
_aES-MaACL _jC-43201 _bR.81576 |
||
| 999 |
_c74880 _d74880 |
||